Something of a nuisance (Record no. 65340)
[ view plain ]
| 000 -LEADER | |
|---|---|
| fixed length control field | 01134cam a2200253 4500 |
| 001 - CONTROL NUMBER | |
| control field | ABS63221 |
| 008 - FIXED-LENGTH DATA ELEMENTS--GENERAL INFORMATION | |
| fixed length control field | 000000n2000 000 0 eng u |
| 035 ## - SYSTEM CONTROL NUMBER | |
| System control number | (Sirsi) u109455 |
| 100 ## - MAIN ENTRY--PERSONAL NAME | |
| Personal name | Malcolm, R |
| 245 ## - TITLE STATEMENT | |
| Title | Something of a nuisance |
| 260 ## - PUBLICATION, DISTRIBUTION, ETC. | |
| Date of publication, distribution, etc. | 2000 |
| 490 ## - SERIES STATEMENT | |
| Series statement | Estates Gazette |
| Volume/sequential designation | (0045) 11 November 2000, 170-171(2) |
| 520 ## - SUMMARY, ETC. | |
| Summary, etc. | A 'mainly for students' article which examines why the interpretation of statutory nuisance is still defined in accordance with 19th century sanitation statutes. Identifies the Environmental Protection Act s79(1)(a), 'premises in such a state as to be prejudicial to health or a nuisance', as the key nuisance for surveyors. Traces the history of the legislation, and looks at the interpretation of the health and nuisance limbs in recent cases. Case law. Diagram explaining statutory nuisances. |
| 590 ## - LOCAL NOTE (RLIN) | |
| Local note | ABS |
| 650 ## - SUBJECT ADDED ENTRY--TOPICAL TERM | |
| Topical term or geographic name entry element | ENVIRONMENTAL PROTECTION ACT 1990 |
| 650 ## - SUBJECT ADDED ENTRY--TOPICAL TERM | |
| Topical term or geographic name entry element | PUBLIC HEALTH ACT 1936 |
| 650 ## - SUBJECT ADDED ENTRY--TOPICAL TERM | |
| Topical term or geographic name entry element | STATUTORY NUISANCE |
| 650 ## - SUBJECT ADDED ENTRY--TOPICAL TERM | |
| Topical term or geographic name entry element | SANITATION |
| 650 ## - SUBJECT ADDED ENTRY--TOPICAL TERM | |
| Topical term or geographic name entry element | HEALTH |
| 650 ## - SUBJECT ADDED ENTRY--TOPICAL TERM | |
| Topical term or geographic name entry element | PUBLIC NUISANCE |
| 650 ## - SUBJECT ADDED ENTRY--TOPICAL TERM | |
| Topical term or geographic name entry element | INTERPRETATION |
| 690 ## - LOCAL SUBJECT ADDED ENTRY--TOPICAL TERM (OCLC, RLIN) | |
| Topical term or geographic name as entry element | PROPERTY |
| 942 ## - ADDED ENTRY ELEMENTS (KOHA) | |
| Suppress in OPAC | 0 |
| Withdrawn status | Lost status | Source of classification or shelving scheme | Damaged status | Not for loan | Home library | Current library | Shelving location | Date acquired | Total Checkouts | Full call number | Barcode | Date last seen | Copy number | Price effective from | Koha item type |
|---|---|---|---|---|---|---|---|---|---|---|---|---|---|---|---|
| Dewey Decimal Classification | London | London | Journal article | 22/11/2000 | ABS63221 | 109455-1001 | 06/08/2019 | 1 | 06/08/2019 | Journal article |